00419nam a2200157Ia 4500008004100000020001400041084001300055100002300068245005200091250002000143260001900163260000900182260002200191300001300213500003500226180424s9999 xx 000 0 und d a138103828 a301 G9:1 a"Guetzkow, Harold" 0aSimulation in Social and Administrative Science a\\197200ENGGPSX aPrentice Hall  b1972 cEnglewood Cliffs  axiv 768p aincludes index and biblioraphy